Coke dusters; the air war on drugs

Gespeichert in:
Bibliographische Detailangaben
1. Verfasser: Massing, Michael
Format: Text
Veröffentlicht: s.l.: s.e.
Tags: Tag hinzufügen
Keine Tags, Fügen Sie den ersten Tag hinzu!

MARC

LEADER 00000 a a2200000 04500
001 23995
003
040
090 |a 170200  
100 |a Massing, Michael  
245 |a Coke dusters; the air war on drugs  
260 |a s.l.:   |b s.e.  
300 |a pp. 21-26  
999 |c 13942  |d 13942